20 biggest cities in Denmark - Statistics

General Stats
  • This quiz has been taken 50 times
  • The average score is 10 of 20
Answer Stats
Hint Answer % Correct
1,396.000 Copenhagen
100%
185,000 Odense
94%
122,000 Aalborg
91%
301,000 Aarhus
91%
71,500 Esbjerg
82%
53.000 Roskilde
70%
62.000 Vejle
64%
64,500 Randers
55%
38.500 Køge
48%
63.600 Kolding
45%
64,400 Horsens
42%
48.100 Helsingør
39%
45.200 Næstved
39%
51.800 Herning
33%
43.600 Viborg
33%
52.600 Silkeborg
30%
37.500 Holstebro
18%
48.300 Hørsholm
6%
38.200 Taastrup
6%
41.500 Federica
0%
No matching quizzes found
Score Distribution
Percent of People with Each Score
Percentile by Number Answered
Your Score History
You have not taken this quiz